00413 a2200133 4500020001500000040001300015082001400028100002100042245007300063260004900136300003400185500002000219650004000239 a8173195501 aDLCbDLC a005.10685 aGodbole, Nina S. aSoftware quality assurance: principles and practicecNina S. Godbole aNew Delhi :bNarosa Publishing House,c2004. axvi, 419 p. :bill. ;c24 cm. aIncludes Index. aComputer software--Quality control.